| 000 | 00518nam a2200181#a 4500 | ||
|---|---|---|---|
| 001 | 01556 | ||
| 003 | HDC | ||
| 007 | ta | ||
| 008 | 230623s2023 xx 000 0 eng d | ||
| 040 | _aHDC | ||
| 050 |
_awief HF1610.5 _b .W67 2010 |
||
| 110 |
_aWorld Islamic Economic Forum _c Petaling Jaya, Selangor)." _d (2010 : |
||
| 245 | 4 |
_aThe 6th World Islamic Economic Forum : _bdelegates directory, Kuala Lumpur, Malaysia, 18-20 May 2010. |
|
| 942 | _2lcc | ||
| 942 | _cBK | ||
| 942 | _kwief HF1610.5 | ||
| 942 | _m .W67 2010 | ||
| 999 |
_c23122 _d23122 |
||